| 000 | 00393pab a2200145 454500 | ||
|---|---|---|---|
| 008 | 180718b1987 xxu||||| |||| 00| 0 eng d | ||
| 100 | _aJones, Garth N. | ||
| 245 |
_aEquity in Pakistan's public service _bThe Ahmaddiyyat issue |
||
| 260 | _c1987 | ||
| 300 | _a74-97 | ||
| 362 | _aJune | ||
| 650 | _aCivil Service - Pakistan | ||
| 773 | _aAsian Journal of Public Administration | ||
| 909 | _a5810 | ||
| 999 |
_c5810 _d5810 |
||